Genetically Modified Food: Panacea or Poison (Record no. 335040)
[ view plain ]
| 000 -LEADER | |
|---|---|
| fixed length control field | 00558nam a2200097Ia 4500 |
| 008 - FIXED-LENGTH DATA ELEMENTS--GENERAL INFORMATION | |
| fixed length control field | 170517s9999 xx 000 0 und d |
| 245 ## - TITLE STATEMENT | |
| Title | Genetically Modified Food: Panacea or Poison |
| 300 ## - PHYSICAL DESCRIPTION | |
| Extent | The fact is, there has never been a single study on the human safety of these products. Any implication to the contrary is a pure fabrication. Make the corporate apologists produce a single study, and they can not. The important point is this. Among scientists, the... |
| 650 ## - SUBJECT ADDED ENTRY--TOPICAL TERM | |
| General subdivision | Technology. |
| 856 ## - ELECTRONIC LOCATION AND ACCESS | |
| Uniform Resource Identifier | <a href="http://topdocumentaryfilms.com/genetically-modified-food/">http://topdocumentaryfilms.com/genetically-modified-food/</a> |
| Withdrawn status | Lost status | Damaged status | Home library | Current library | Date acquired | Total Checkouts | Date last seen | Price effective from | Koha item type |
|---|---|---|---|---|---|---|---|---|---|
| College Library | College Library | 05/17/2017 | 05/17/2017 | 05/17/2017 | Documentary Films |